| 000 | 00416nam a22001337a 4500 | ||
|---|---|---|---|
| 999 |
_c2248 _d2248 |
||
| 008 | 200218b ||||| |||| 00| 0 eng d | ||
| 020 | _a8170353734 | ||
| 100 |
_91834 _aJain, Ashok Kumar |
||
| 245 | 1 | 0 |
_aWater : A manual for engineers, architects, planners and managers/ _cby Ashok Kumar Jain |
| 260 |
_aDelhi _bDaya Publishing House _c2007 |
||
| 300 | _aviii,612p. | ||
| 650 | 0 | _aWater Resource Management | |
| 942 | _cBK | ||